000 01419cam a2200349 a 4500
999 _c7039
_d7039
001 3064418
003 GBCCL
005 20241126110618.0
008 960930s1995 ilu b 001 0 eng
010 _a 96202657
020 _a0802407560
040 _aDLC
_cDLC
_dDLC
050 0 0 _aBS2745.3
_b.M3 1995b
082 0 0 _a225.77
_221
_bMAC
100 1 _aMacArthur, John,
_d1939-
_91165
245 1 0 _a1 Timothy /
_cJohn MacArthur, Jr.
246 3 _aFirst Timothy
250 _aIndian edition
260 _aChicago :
_bMoody Press,
_cc1995.
300 _axv, 311 p. ;
_c24 cm.
490 1 _aThe MacArthur New Testament commentary
504 _aIncludes bibliographical references (p. 295-296) and indexes.
630 0 0 _aBible.
_pTimothy, 1st
_xCommentaries.
_912414
730 0 2 _aBible.
_pTimothy, 1st
_lEnglish.
_sNew American Standard.
_f1995.
_912415
800 1 _aMacArthur, John,
_d1939-
_tMacArthur New Testament commentary.
_912401
856 4 2 _3Publisher description
_uhttp://www.loc.gov/catdir/enhancements/fy0609/96202657-d.html
856 4 1 _3Table of contents only
_uhttp://www.loc.gov/catdir/enhancements/fy1202/96202657-t.html
856 4 2 _3Contributor biographical information
_uhttp://www.loc.gov/catdir/enhancements/fy1202/96202657-b.html
906 _a7
_bcbc
_corignew
_d2
_encip
_f19
_gy-gencatlg
942 _2ddc
_cREF